Estatísticas para Países por Extrema Pobreza

Clique aqui para jogar o quiz

Estatísticas Gerais

  • Esse quiz foi jogado 2,135 vezes
    (234 desde o último reset)
  • A pontuação média é 14 de 24

Estatísticas das Respostas

# % País % Correto
14.9 mi63.9Níger
84%
7.6 mi48.9Somália
79%
62.0 mi71.4RD Congo
79%
95.9 mi47.7Nigéria
78%
27.5 mi24.5Etiópia
78%
9.8 mi22.9Sudão
75%
37.0 mi2.7Índia
74%
9.1 mi4.3Brasil
71%
8.6 mi16.3Quênia
68%
17.1 mi56.2Moçambique
66%
8.9 mi80.3Sudão do Sul
63%
13.7 mi31.0Uganda
61%
23.8 mi41.1Tanzânia
58%
10.8 mi4.0Indonésia
55%
9.5 mi53.0Zâmbia
55%
8.2 mi28.8Venezuela
54%
12.6 mi67.5Malawi
50%
10.8 mi6.6Bangladesh
50%
14.4 mi24.5África do Sul
48%
8.9 mi77.2Burundi
48%
14.4 mi37.8Afeganistão
44%
20.6 mi76.4Madagascar
43%
15.1 mi58.8Coreia do Norte
36%
16.2 mi55.6Iêmen
33%

Distribuição das Pontuações

Percentil de Números Respondidos

Porcentagem de Pessoas com Cada Pontuação

Sua Pontuação Histórica

Você não jogou esse quiz desde o último reset